000 00996cam a22003137a 4500
003 CHAP
005 20220817042814.0
008 971013s1982 it r 00010 spa d
010 _a56217
011 _a57189
035 _a61343
040 _cCHAP
082 0 4 _a639.2
_bF46Y v.273
110 2 _aFAO
245 1 0 _aActas del simposio sobre desarrollo y explotación de lagos artificiales
260 _aRoma :
_bFAO,
_c1982
300 _a17 p.
490 0 _aFAO. Informe de pesca
_v; 273
500 _aEdición bilingüe (español, inglés)
590 _aBATCH-UPD
_b10
_c20130110
_lUCH01
_h1043
590 _aCONVERSION
_b10
_c20130109
_lUCH01
_h1330
650 1 4 _aLagos.
_964422
830 0 _aFAO. Informe de pesca
_v; 273
_939587
901 _aBK
905 _aPatricia Mendoza P.
942 _cLIBRO
949 _a639.2 F46Y v.273
_bBC
_cFAO
_d33724000742508
_eFAO1
_h97358
_i61343
_kDonaciØn
_sb
949 _a639.2 F46Y v.273
_bBC
_cFAO
_d33724000742516
_eFAO2
_fc.2
_h97359
_i61343
_kDonaciØn
_sb
999 _c56217
_d56217